Notas sobre teoría del control automático
Gardado en:
| Autor Principal: | |
|---|---|
| Formato: | Libro |
| Idioma: | Spanish |
| Publicado: |
San José, Costa Rica : Universidad de Costa Rica, Escuela de Ingeniería,
[197?]
|
| Edición: | Pre edición |
| Materias: | |
| Etiquetas: |
Engadir etiqueta
Sen Etiquetas, Sexa o primeiro en etiquetar este rexistro!
|
MARC
| LEADER | 00000nam a2200000Ia 4500 | ||
|---|---|---|---|
| 003 | 002041 | ||
| 005 | 20221231143948.0 | ||
| 008 | 140114s197? cr a 000 ||spa d | ||
| 040 | |c cru CEDI | ||
| 082 | |a 629.8 O74n | ||
| 100 | |a Orozco Saborío, Rodrigo |9 17991 | ||
| 245 | |a Notas sobre teoría del control automático | ||
| 250 | |a Pre edición | ||
| 260 | |a San José, Costa Rica : Universidad de Costa Rica, Escuela de Ingeniería, |c [197?] | ||
| 300 | |a 194 páginas :ilustraciones | ||
| 650 | |x CONTROL AUTOMATICO |9 21168 | ||
| 942 | |2 ddc |c BK | ||
| 999 | |c 14866 |d 14866 | ||
